|
|
|
|
| LEADER |
00000nab a2200000 a 4500 |
| 001 |
vtls000358272 |
| 003 |
SK-MaSNL |
| 005 |
20260302223641.0 |
| 008 |
220422c1989 xo 0 slo |
| 015 |
|
|
|a SNBRB19rr/mm-uuuuu
|
| 035 |
|
|
|a CL0358394
|
| 040 |
|
|
|a SNKBUCL
|b slo
|c SNKBUCL
|e AACR2
|
| 041 |
0 |
|
|a slo
|
| 044 |
|
|
|a xo
|c SK
|
| 080 |
|
|
|a 613.2:061.3
|2 1981
|
| 080 |
|
|
|a 061.3
|2 1981
|
| 080 |
|
|
|a 641.1
|2 1981
|
| 080 |
|
|
|a 338.439
|2 1981
|
| 100 |
1 |
|
|a (len)
|4 aut
|9 921164
|
| 245 |
1 |
0 |
|a Aj pri stravovaní rozumu
|b K problémom a pespektívam výživy ľudstva
|c (len)
|
| 650 |
0 |
7 |
|a výživa obyvateľstva racionálna
|2 snkbucl
|9 952317
|
| 651 |
|
7 |
|a 5206
|2 snkbucl
|9 283253
|
| 655 |
|
7 |
|a články z novín a časopisov
|2 snkbucl
|9 267496
|
| 773 |
0 |
|
|t Roľnícke noviny
|g Roč. 44, č. 199 (24. 8. 1989), s. 1
|
| 850 |
|
|
|a Slovenská národná knižnica v Martine
|a MTA001
|
| 852 |
|
|
|a SNK
|b KIS3GCP
|
| 958 |
|
|
|a RK
|
| 958 |
|
|
|a ME
|
| 992 |
|
|
|a RBX
|
| 999 |
|
|
|c 1521256
|d 1523186
|